Cha con nghĩa nặng

Gespeichert in:
Bibliographische Detailangaben
Format: Buch
Veröffentlicht: 2005
Tags: Tag hinzufügen
Keine Tags, Fügen Sie den ersten Tag hinzu!
Thư viện lưu trữ: Mạng thư viện Đại học Đà Nẵng
LEADER 00436nam a22001811a 4500
001 000040916
003 17211
005 20160412023709.0
008 160412s2005 000
082 |a V(23)229-32 
245 |a Cha con nghĩa nặng  |c Hồ Biều Chánh 
260 |c 2005 
OWN |a LNN 
999 |a From the UDN01 
TYP |a Monograph 
980 |a Mạng thư viện Đại học Đà Nẵng